Cricket: Lowest Individual Career ODI Bowling Average - Statistics

General Stats
  • This quiz has been taken 14 times
  • The average score is 14 of 20
Answer Stats
Country Years Wickets Average Answer % Correct
AUS 2000-2012 380 23.36 Brett Lee
91%
AUS 2010-2021* 184 23.16 Mitchell Starc
91%
SL 1993-2011 534 23.08 Muttiah Muralitharan
91%
AFG 2015-2021* 140 18.57 Rashid Khan
91%
PAK 1984-2003 502 23.52 Wasim Akram
91%
AUS 1993-2007 381 22.02 Glenn McGrath
82%
WI 1988-2000 225 24.12 Sir Curtly Ambrose
82%
PAK 1989-2003 416 23.84 Waqar Younis
82%
WI 1976-1987 142 21.36 Michael Holding
73%
NZ 2002-2010 147 20.88 Shane Bond
73%
NZ 1973-1990 158 21.56 Sir Richard Hadlee
73%
SA 1991-2003 272 21.78 Allan Donald
64%
AUS 1972-1983 103 20.82 Dennis Lillee
64%
PAK 2008-2015 184 22.72 Saeed Ajmal
64%
SL 2008-2015 152 21.86 Ajantha Mendis
55%
WI 1977-1987 146 18.84 Joel Garner
55%
BAN 2015-2021* 124 22.92 Mustafizur Rahman
55%
PAK 1995-2003 288 21.78 Saqlain Mushtaq
55%
AUS 2001-2009 174 24.36 Nathan Bracken
45%
NZ 1990-1995 103 23.87 Chris Pringle
27%
No matching quizzes found
Score Distribution
Percent of People with Each Score
Percentile by Number Answered
Your Score History
You have not taken this quiz